Statistics for Indian Cricket Captains Since World War II

Click here to take the quiz!

General Stats

  • This quiz has been taken 388 times
    (314 since last reset)
  • The average score is 13 of 30

Answer Stats

yearstestscaptain% Correct
2008-1560MS Dhoni
95%
2014-1946Virat Kohli
95%
1996-200025Sachin Tendulkar
91%
1982-8734Kapil Dev
85%
2000-0649Sourav Ganguly
85%
2003-0725Rahul Dravid
83%
1975-8547Sunil Gavaskar
82%
1989-9947Mohammad Azharuddin
75%
2005-124Virender Sehwag
70%
2007-0814Anil Kumble
68%
1975-7922Bishan Bedi
46%
1961-7540Mansur Ali Khan
46%
19463Nawab of Pataudi, sr
44%
1987-8910Dilip Vengsarkar
43%
1947-5315Lala Amarnath
42%
1979-802Gundappa Viswanath
35%
1989-904Krishnamachari Srikkanth
34%
2017-182Ajinkya Rahane
31%
1970-7416Ajit Wadekar
29%
1954-596Vinoo Mankad
28%
1974-795Srinivas Venkataraghavan
25%
1951-5314Vijay Hazare
20%
1955-598Polly Umrigar
14%
1967-681Chandu Borde
13%
1960-6212Nari Contractor
13%
19591Pankaj Roy
13%
19594Datta Gaekwad
7%
1955-593Ghulam Ahmed
4%
1959-605Gulabrai Ramchand
4%
1958-591Hemu Adhikari
3%

Score Distribution

Percentile by Number Answered

Percent of People with Each Score

Your Score History

You have not taken this quiz since the last reset